[Event "Belfort op"]
[Site "Belfort"]
[Date "1989.??.??"]
[Round "1"]
[White "Roeder, Mathias"]
[Black "Tarby, Fabien"]
[Result "1-0"]
[WhiteElo "2365"]
[BlackElo "1660"]
[PlyCount "57"]
[EventDate "1989.07.??"]
[EventType "swiss"]
[EventRounds "9"]
[EventCountry "FRA"]
[SourceTitle "TD"]
[Source "ChessBase"]
[SourceDate "1994.03.01"]
[SourceVersion "1"]
[SourceVersionDate "1994.03.01"]
[SourceQuality "1"]

1. d4 Nf6 2. c4 c5 3. d5 b5 4. Nf3 g6 5. cxb5 a6 6. e3 Bg7 7. Nc3 0-0 8. a4 d6 9. Ra3 Nbd7 10. e4 Bb7 11. Be2 axb5 12. Bxb5 Ba6 13. Nd2 Bxb5 14. Nxb5 Nb8 15. 0-0 Na6 16. Re1 Nb4 17. Nc4 Ne8 18. Rh3 Nc7 19. Nxc7 Qxc7 20. Bd2 Rfb8 21. Bc3 Ra6 22. Bxg7 Kxg7 23. Qd2 Rh8 24. a5 Qd7 25. e5 Qa4 26. exd6 exd6 27. Qh6+ Kg8 28. Rhe3 Ra8 29. Nb6 1-0